000 00666nam a2200181Ia 4500
008 090123s9999 xx 000 0 und d
082 _b6193
_a891.463/काकोड
100 _aकाकोडकर चंद्रकांत कल्याणदास
245 _aखानदान
250 _a1
260 _bचंद्रकांत प्रकाशन
300 _a171
600 _aकाकोडकर चंद्रकांत कल्याणदास
630 _aखानदान
700 _aकाकोडकर चंद्रकांत कल्याणदास
730 _aखानदान
942 _cBOOK
999 _c44257
_d44257